000 00725nam a22002057a 4500
005 20130716113552.0
010 _aENG-107995
020 _a9788184248265
_c800.00
035 _aEN-91528
037 _bDBAD/PUB
245 _aProceedings of first national conference on trends and applications in laser technology and optoelectronics :
_cedited by Jai Paul Dudeja, Priti Singh [and] Ranjeet Kumar Brajpuriya
_bTALTO-1 /
260 _aNew Delhi
_bAllied Publishers
_c2013
270 _a1/13-14 Asaf Ali Road,
_bNew Delhi
_e110002
300 _axiii,246p. :
_c24cm(pbk)
_bill.
500 _aIncludes index
700 _aDudeja, Jai Paul
700 _aPriti Singh
700 _aBrajpuriya, Ranjeet Kumar
942 _2ddc
_cEN
_mPRO
999 _c77523
_d77523